000 00421nam a2200181Ia 4500
001 1338
005 20260306143721.0
008 260306t1999||||xx |||||||||||||| ||spa||
041 _aESP
082 _a194
_bR86
100 _aRousseau, Jean Jacques, 1712-1778
_eAUT
245 0 _aCartas a Sofía
260 _c1999
300 _a248 páginas :
_c17 cm.
650 _aGEN
654 _aCHU
942 _cLIB
_dJUS
_fJUS
_2ddc
_n
999 _c1338
_d1338